| 000 | 00838nam a2200217 4500 | ||
|---|---|---|---|
| 005 | 20240530110548.0 | ||
| 008 | 160611s2013 ua ||||g b||| 00| 0 ara d | ||
| 017 |
_a2013/9040 _bمصر. دار الكتب المصرية |
||
| 020 | _a9789771028741 | ||
| 040 | _aEG-CaGPL | ||
| 082 | 0 | 4 |
_a362.73/ _bع خ _221 |
| 100 | 0 | _aعادل رفاعى | |
| 245 | 1 | 2 |
_aالخدمة الاجتماعية في مجال تأهيل ورعاية اطفال الشوارع / _cعادل رفاعى. |
| 250 | _aط. 1 | ||
| 260 |
_aالقاهرة : _bدار الفكر العربي، _c2013. |
||
| 504 | _aيشتمل على إرجاعات ببليوجرافية. | ||
| 650 | 0 | 4 |
_aاطفال الشوارع _xرعاية اجتماعية |
| 650 | 0 | 4 | _aالخدمة الاجتماعية |
| 942 |
_2ddc _cBK |
||
| 999 |
_c62394 _d62394 |
||